000 00232nam a2200097Ia 4500
008 190216s9999||||xx |||||||||||||| ||und||
100 _aRobert R Nilsim
245 0 _aAccelerators
260 _bVakils Feffer & Simons Pvt.
942 _cBK
999 _c12581
_d12581